000 00273nam a2200121Ia 4500
008 151001s9999||||xx |||||||||||||| ||und||
245 _aप्रतिशोध
250 _a1
260 _bमेघना
260 _c2008
300 _a124
365 _b18
999 _c993707
_d993704